| Registos Bibliográficos associados ao registo de autoridade |
|
Etiqueta de registo: 00000nkm 2200025 450 001 2281721 003 http://id.bnportugal.gov.pt/bib/catbnp/2281721 100 ## $a20260319d1979 m y0pory01030103ba 101 0# $apor 102 ## $aPT 200 1# $a4º Festival de Teatro, Homenagem a Bernardo Santareno, Claustros do Convento de Setúbal,
7 a 22 de julho de 1979$bVisual gráfico]$fCentro Cultural de Setúbal, Teatro de Animação de Setúbal, Câmara Municipal de Setúbal 210 #9 $aSetúbal$cCentro Cultural de Setúbal,$d1979 215 ## $a1 cartaz$ccolor.$d49,6x34,8 cm 317 ## $aColeção Madeira Luís 710 02 $aFestival de Teatro$d4$eSetúbal$f1979$31992464 712 02 $aTeatro Animação de Setúbal$3788354 712 01 $aSetúbal.$bCâmara Municipal$316012 712 02 $aCentro Cultural de Setúbal$3797265 801 #0 $aPT$bBN$gRPC 966 ## $lBN$mICONOG$sCT. 16650 V.$x3 971 ## $cCaticonografia6$d20260319 995 ## $aPRR2026
|
|
|